[Event "4NCL Division 3"]
[Site "Daventry Court ENG"]
[Date "2015.03.21"]
[Round "7.149"]
[White "Taylor, Bob"]
[Black "Wallis, Ian"]
[Result "1-0"]
[WhiteElo "1918"]
[BlackElo "1978"]
[PlyCount "93"]
[EventDate "2015.03.21"]
[WhiteTeam "Ashfield-Breadsall"]
[BlackTeam "Anglian Avengers 2"]

1. d4 g6 2. e4 Bg7 3. c3 d6 4. Nf3 Nd7 5. Bd3 e6 6. O-O Ne7 7. Be3 Nf6 8. Nbd2
O-O 9. Rc1 Ng4 10. Bg5 f6 11. Bh4 Nh6 12. Ne1 d5 13. f3 Nf7 14. Nc2 c6 15. Ne3
g5 16. Bf2 Ng6 17. g3 Nd6 18. Qc2 f5 19. Ng2 Bd7 20. Rce1 Ne7 21. e5 Nf7 22. b4
h5 23. h3 Nh6 24. Nb3 b6 25. Qd2 f4 26. g4 Be8 27. Qc2 Bf7 28. a4 Qd7 29. Ra1
Rfc8 30. a5 Qe8 31. Kh2 Bf8 32. Rh1 Kg7 33. Rag1 h4 34. Bxh4 gxh4 35. Nxh4 Ng6
36. Qf2 Nxh4 37. Qxh4 Be7 38. g5 Qh8 39. gxh6+ Kf8 40. Qxf4 Ke8 41. Rg7 Bh5 42.
Rhg1 Kd7 43. Rxe7+ Kxe7 44. Rg7+ Ke8 45. Qf6 Qf8 46. Qxe6+ Kd8 47. Qd7# 1-0

[Event "4NCL Division 3"]
[Site "Daventry Court ENG"]
[Date "2015.03.21"]
[Round "7.150"]
[White "Cook, Michael"]
[Black "Jarvis, Derek"]
[Result "1/2-1/2"]
[WhiteElo "1988"]
[BlackElo "1924"]
[PlyCount "54"]
[EventDate "2015.03.21"]
[WhiteTeam "Anglian Avengers 2"]
[BlackTeam "Ashfield-Breadsall"]

1. d4 Nf6 2. Nf3 d5 3. e3 c5 4. Bb5+ Bd7 5. Be2 Nc6 6. O-O e6 7. b3 Bd6 8. Bb2
Qc7 9. Nbd2 O-O 10. dxc5 Bxc5 11. c4 dxc4 12. Bxc4 e5 13. Ng5 Bf5 14. Qf3 Bg6
15. Nde4 Nxe4 16. Nxe4 Be7 17. Nc3 Rad8 18. Nd5 Qb8 19. Nxe7+ Nxe7 20. Ba3 Rfe8
21. Rfd1 Nc6 22. Bd5 e4 23. Qe2 Ne5 24. f3 exf3 25. Bxf3 Nxf3+ 26. gxf3 Qe5 27.
Bb2 Qe7 28. Rac1 Rxd1+ 29. Rxd1 h6 30. Bd4 a6 31. Rc1 f6 32. Qc4+ Bf7 33. Qc7
Bd5 1/2-1/2

[Event "4NCL Division 3"]
[Site "Daventry Court ENG"]
[Date "2015.03.21"]
[Round "7.155"]
[White "Baruch, Andy"]
[Black "Willmoth, Rob"]
[Result "1/2-1/2"]
[WhiteElo "2068"]
[BlackElo "2141"]
[PlyCount "51"]
[EventDate "2015.03.21"]
[WhiteTeam "Warwickshire Select 2"]
[BlackTeam "Barnet Knights 1"]

1. g3 e5 2. c4 d6 3. Nc3 f5 4. Bg2 Nf6 5. d3 Be7 6. f4 exf4 7. gxf4 O-O 8. Nf3
c6 9. O-O Kh8 10. e3 Na6 11. Rb1 Bd7 12. b4 Nc7 13. Nd4 a6 14. a4 Rb8 15. b5
axb5 16. axb5 c5 17. Nf3 Be6 18. Bb2 d5 19. Qe2 dxc4 20. dxc4 Qe8 21. Ne5 Bd6
22. b6 Na8 23. Nb5 Qe7 24. Nxd6 Qxd6 25. Bc3 Qe7 26. Bf3 1/2-1/2

[Event "4NCL Division 3"]
[Site "Daventry Court ENG"]
[Date "2015.03.21"]
[Round "7.156"]
[White "Brozel, Sacha"]
[Black "Cooper, David"]
[Result "1/2-1/2"]
[WhiteElo "2000"]
[BlackElo "2058"]
[PlyCount "40"]
[EventDate "2015.03.21"]
[WhiteTeam "Barnet Knights 1"]
[BlackTeam "Warwickshire Select 2"]

1. d4 d5 2. c4 e6 3. Nf3 Nf6 4. g3 dxc4 5. Bg2 Bb4+ 6. Bd2 a5 7. O-O Nc6 8.
Bxb4 axb4 9. e3 O-O 10. Qc2 b3 11. Qxc4 bxa2 12. Rxa2 Rxa2 13. Qxa2 Qe7 14. Nc3
Bd7 15. Qc4 Rc8 16. Rd1 b6 17. Ne5 Na5 18. Qd3 Be8 19. Bf3 h6 20. Bg2 Rd8
1/2-1/2

[Event "4NCL Division 3"]
[Site "Daventry Court ENG"]
[Date "2015.03.21"]
[Round "7.157"]
[White "Page, Mark"]
[Black "Klingher, Dominic"]
[Result "1-0"]
[WhiteElo "2080"]
[BlackElo "1836"]
[PlyCount "39"]
[EventDate "2015.03.21"]
[WhiteTeam "Warwickshire Select 2"]
[BlackTeam "Barnet Knights 1"]

1. e4 e6 2. d4 d5 3. exd5 exd5 4. c4 Nf6 5. Nc3 Be6 6. Qb3 b6 7. Nf3 c5 8. cxd5
Bxd5 9. Nxd5 Qxd5 10. Bc4 Qh5 11. Ne5 Qh4 12. Bb5+ Ke7 13. Qxf7+ Kd8 14. Qb7
Qe4+ 15. Qxe4 Nxe4 16. Nf7+ Kc8 17. Nxh8 Nd6 18. Be2 Nd7 19. Bf3 Rb8 20. Bf4
1-0

[Event "4NCL Division 3"]
[Site "Daventry Court ENG"]
[Date "2015.03.21"]
[Round "7.158"]
[White "Rocco, Federico"]
[Black "Paterson, Andrew"]
[Result "0-1"]
[WhiteElo "1671"]
[BlackElo "1974"]
[PlyCount "56"]
[EventDate "2015.03.21"]
[WhiteTeam "Barnet Knights 1"]
[BlackTeam "Warwickshire Select 2"]

1. f4 Nf6 2. Nf3 d5 3. e3 e6 4. b3 c5 5. Bb2 Nc6 6. Bb5 Bd7 7. O-O Be7 8. d3
O-O 9. Nbd2 a6 10. Bxc6 Bxc6 11. Ne5 Be8 12. Rf3 Nd7 13. Rg3 Nxe5 14. fxe5 f5
15. e4 dxe4 16. dxe4 f4 17. Rd3 Qc7 18. Nc4 Qc6 19. Nd6 Bg6 20. Qg4 Bxd6 21.
Qxe6+ Bf7 22. Qxd6 Qxe4 23. Qxc5 f3 24. Qd4 f2+ 25. Kf1 Bg6 26. Qxe4 Bxe4 27.
Rd2 Rad8 28. Rad1 Bxg2+ 0-1

[Event "4NCL Division 3"]
[Site "Daventry Court ENG"]
[Date "2015.03.21"]
[Round "7.159"]
[White "Cundy, Mark"]
[Black "Karia, Rishul"]
[Result "1-0"]
[WhiteElo "1924"]
[BlackElo "1629"]
[PlyCount "107"]
[EventDate "2015.03.21"]
[WhiteTeam "Warwickshire Select 2"]
[BlackTeam "Barnet Knights 1"]

1. e4 e5 2. f4 Bc5 3. Nf3 d6 4. Nc3 Nc6 5. Bb5 Bg4 6. d3 Nge7 7. h3 Bxf3 8.
Qxf3 O-O 9. Ne2 Nb4 10. Ba4 b5 11. Bb3 a5 12. a3 Na6 13. Be3 Bxe3 14. Qxe3 c5
15. O-O a4 16. Ba2 b4 17. Bc4 exf4 18. Nxf4 Nc7 19. Rf2 Rc8 20. axb4 d5 21.
Nxd5 Nexd5 22. Bxd5 Nxd5 23. exd5 cxb4 24. Rxa4 Qxd5 25. Rxb4 f5 26. c3 Rce8
27. Qd2 Rf6 28. Rbf4 g6 29. Rf1 Rfe6 30. R4f2 Re3 31. Rd1 f4 32. b4 g5 33. Qa2
Qxa2 34. Rxa2 f3 35. gxf3 Rxf3 36. Rg2 h6 37. h4 Re5 38. hxg5 hxg5 39. c4 Rf4
40. d4 Ref5 41. b5 g4 42. b6 Rf8 43. c5 Rb8 44. Rb2 Rf3 45. c6 Rg3+ 46. Kh2 Rc3
47. d5 Kf7 48. Rdd2 g3+ 49. Kg1 g2 50. Rxg2 Ke7 51. Rg7+ Kd6 52. Rd7+ Kc5 53.
b7 Rg3+ 54. Rg2 1-0

[Event "4NCL Division 3"]
[Site "Daventry Court ENG"]
[Date "2015.03.21"]
[Round "7.160"]
[White "Hung, Jake"]
[Black "Wood, Phil"]
[Result "0-1"]
[WhiteElo "1731"]
[BlackElo "1684"]
[PlyCount "103"]
[EventDate "2015.03.21"]
[WhiteTeam "Barnet Knights 1"]
[BlackTeam "Warwickshire Select 2"]

1. c4 e5 2. g3 Nf6 3. Bg2 Nc6 4. Nc3 Bb4 5. e3 O-O 6. Nge2 Ne7 7. a3 Bxc3 8.
Nxc3 c6 9. O-O d6 10. d4 h6 11. b3 Bf5 12. e4 Bh7 13. d5 cxd5 14. cxd5 Rc8 15.
Bd2 Nd7 16. Qe2 a6 17. Rfb1 f5 18. f3 fxe4 19. fxe4 Nf6 20. Bf3 Bg6 21. b4 Qc7
22. b5 Ra8 23. bxa6 bxa6 24. Rb3 Rfb8 25. Rab1 Rxb3 26. Rxb3 Be8 27. Be3 Nc8
28. Qb2 Nd7 29. Rb7 Qa5 30. Bg4 Nc5 31. Bxc8 Rxc8 32. Ra7 Rd8 33. Kg2 Na4 34.
Qb7 Rd7 35. Qc8 Qd8 36. Qxd8 Rxd8 37. Nxa4 Bxa4 38. Rxa6 Bc2 39. Kf3 Rf8+ 40.
Ke2 Rf6 41. a4 Bxe4 42. Ra5 Rf8 43. Rb5 Rc8 44. a5 Rc3 45. Rb6 Bxd5 46. Rxd6
Bc4+ 47. Kf2 Ra3 48. Bd2 e4 49. Rd8+ Kh7 50. Rd7 Rf3+ 51. Kg2 Bf1+ 52. Kg1 0-1

[Event "4NCL Division 3"]
[Site "Daventry Court ENG"]
[Date "2015.03.21"]
[Round "7.165"]
[White "Kendall, Paul SN"]
[Black "Kenning, Paul H"]
[Result "0-1"]
[WhiteElo "2021"]
[BlackElo "1847"]
[PlyCount "96"]
[EventDate "2015.03.21"]
[WhiteTeam "North East England 2"]
[BlackTeam "Iceni 2"]

1. e4 d6 2. f4 Nf6 3. Nc3 d5 4. e5 d4 5. exf6 dxc3 6. bxc3 exf6 7. Bc4 Bd6 8.
Ne2 O-O 9. O-O b6 10. d4 Bb7 11. Ng3 Qd7 12. Bd3 Re8 13. Nf5 Bf8 14. a4 g6 15.
Bd2 Kh8 16. Ne3 f5 17. Qb1 Qd6 18. Qb3 Kg7 19. Bc4 Qd7 20. Bb5 c6 21. Bd3 Ba6
22. Bxa6 Nxa6 23. a5 b5 24. Rae1 Nc5 25. Qb1 Ne4 26. Qd1 c5 27. g4 cxd4 28.
gxf5 dxe3 29. Bxe3 Qxd1 30. Rxd1 Rad8 31. fxg6 hxg6 32. Bxa7 Bc5+ 33. Bxc5 Nxc5
34. Rb1 Rd2 35. Rf2 Rxf2 36. Kxf2 Ne4+ 37. Kg2 Nd6 38. Rd1 Nc4 39. Rb1 Nxa5 40.
Rxb5 Nc4 41. h4 Re2+ 42. Kf3 Rxc2 43. h5 Rxc3+ 44. Kg2 Ne3+ 45. Kf2 Nf5 46.
hxg6 Rc2+ 47. Kf1 Kxg6 48. Rb6+ f6 0-1

[Event "4NCL Division 3"]
[Site "Daventry Court ENG"]
[Date "2015.03.21"]
[Round "7.166"]
[White "Szymanski, Mark"]
[Black "Robson, Paul E"]
[Result "1/2-1/2"]
[WhiteElo "1811"]
[BlackElo "1899"]
[PlyCount "71"]
[EventDate "2015.03.21"]
[WhiteTeam "Iceni 2"]
[BlackTeam "North East England 2"]

1. c4 g6 2. g3 Bg7 3. Bg2 c5 4. Nc3 d6 5. Nf3 Nc6 6. O-O e6 7. a3 Nge7 8. b4
cxb4 9. axb4 Nxb4 10. Ba3 Nec6 11. Qa4 a5 12. Bxb4 axb4 13. Qxa8 bxc3 14. dxc3
Bxc3 15. Rab1 O-O 16. Rfd1 Qc7 17. Nd2 Na5 18. Qa7 Bxd2 19. Rxd2 Nxc4 20. Rc2
d5 21. e3 Qe7 22. Rb3 Nd6 23. Qc5 Rd8 24. Rb6 Nf5 25. Qa5 Qe8 26. Rb1 Ne7 27.
Rbc1 Nc6 28. Qb6 Qe7 29. Bf1 e5 30. Bb5 Bf5 31. Ra2 Rf8 32. Bxc6 bxc6 33. Qxc6
Qg5 34. Qb5 Bd7 35. Qxd5 Bc6 36. Qxc6 1/2-1/2

[Event "4NCL Division 3"]
[Site "Daventry Court ENG"]
[Date "2015.03.21"]
[Round "7.167"]
[White "Plater, Ron"]
[Black "Jones, Robert L"]
[Result "1/2-1/2"]
[WhiteElo "1902"]
[BlackElo "1844"]
[PlyCount "58"]
[EventDate "2015.03.21"]
[WhiteTeam "North East England 2"]
[BlackTeam "Iceni 2"]

1. d4 Nf6 2. Nf3 d5 3. c4 c6 4. e3 Bf5 5. Nc3 e6 6. Be2 Bd6 7. O-O O-O 8. b3
Nbd7 9. cxd5 exd5 10. Bb2 Re8 11. h3 h6 12. Rc1 Qe7 13. Ne1 Ne4 14. Nxe4 Bxe4
15. Nf3 Nf6 16. Bd3 Bxf3 17. Qxf3 Ne4 18. Bxe4 Qxe4 19. Qxe4 Rxe4 20. Bc3 a5
21. a4 Bb4 22. Bxb4 axb4 23. Rc5 Re6 24. Rfc1 Kf8 25. g3 Ke7 26. Kg2 Kd7 27.
Kf3 Rf6+ 28. Ke2 Re6 29. Kd3 g6 1/2-1/2

[Event "4NCL Division 3"]
[Site "Daventry Court ENG"]
[Date "2015.03.21"]
[Round "7.176"]
[White "Powell, Lloyd"]
[Black "Bansal, Rohan"]
[Result "1-0"]
[WhiteElo "2115"]
[BlackElo "1945"]
[PlyCount "83"]
[EventDate "2015.03.21"]
[WhiteTeam "Spirit of Atticus B"]
[BlackTeam "KJCA Knights"]

1. d4 e6 2. c4 f5 3. Nf3 Nf6 4. g3 Be7 5. Bg2 O-O 6. O-O d6 7. b3 a5 8. Bb2 Ne4
9. Nc3 Bf6 10. Qc2 Nxc3 11. Bxc3 Nc6 12. Rad1 Qe8 13. a3 e5 14. dxe5 dxe5 15.
e3 g5 16. h3 h5 17. Qb2 g4 18. hxg4 hxg4 19. Ne1 Kg7 20. Nd3 Rh8 21. Rfe1 Rh6
22. b4 axb4 23. axb4 e4 24. b5 exd3 25. bxc6 bxc6 26. Rxd3 Be6 27. Red1 Rb8 28.
Bxf6+ Rxf6 29. Qe5 Rc8 30. Qc5 Bf7 31. Rd7 Qh8 32. Bxc6 Kg6 33. Bg2 Ra6 34. Bd5
Be8 35. Rxc7 Ra1 36. Qd6+ Kg5 37. Qe7+ Kg6 38. Qd6+ Kg5 39. Qe7+ Kg6 40. Qg7+
Qxg7 41. Rxg7+ Kxg7 42. Rxa1 1-0

[Event "4NCL Division 3"]
[Site "Daventry Court ENG"]
[Date "2015.03.21"]
[Round "7.177"]
[White "Anilkumar, Anantha P (jnr)"]
[Black "Johnson, Michael D"]
[Result "1/2-1/2"]
[WhiteElo "1968"]
[BlackElo "2029"]
[PlyCount "82"]
[EventDate "2015.03.21"]
[WhiteTeam "KJCA Knights"]
[BlackTeam "Spirit of Atticus B"]

1. d4 Nf6 2. c4 g6 3. Nc3 d5 4. Nf3 Bg7 5. h4 h5 6. Bg5 c6 7. e3 O-O 8. Bd3
dxc4 9. Bxc4 Nd5 10. Qb3 Nxc3 11. bxc3 b5 12. Bd3 Be6 13. Qc2 Nd7 14. Rd1 Re8
15. e4 Qa5 16. Rd2 c5 17. O-O Bg4 18. e5 Bxf3 19. gxf3 cxd4 20. cxd4 e6 21. Be4
Rac8 22. Qb2 Nb6 23. Rc2 Rxc2 24. Qxc2 Rc8 25. Qb1 Kh7 26. f4 Nc4 27. f5 exf5
28. Bxf5 Rb8 29. Bd3 Nd2 30. Qc2 Nf3+ 31. Kg2 Nxd4 32. Qc5 Ne6 33. Qe7 Qc7 34.
Qxc7 Nxc7 35. f4 Nd5 36. f5 Rf8 37. f6 Bh6 38. Kf3 Bxg5 39. hxg5 Nc3 40. Re1
Re8 41. a3 a5 1/2-1/2

[Event "4NCL Division 3"]
[Site "Daventry Court ENG"]
[Date "2015.03.21"]
[Round "7.178"]
[White "Miles, Richard"]
[Black "Green, Michael"]
[Result "0-1"]
[WhiteElo "2002"]
[BlackElo "1895"]
[PlyCount "108"]
[EventDate "2015.03.21"]
[WhiteTeam "Spirit of Atticus B"]
[BlackTeam "KJCA Knights"]

1. d4 Nf6 2. c4 c5 3. d5 e6 4. Nc3 exd5 5. cxd5 d6 6. Nf3 g6 7. Bf4 a6 8. a4
Bg7 9. e4 Bg4 10. Be2 Bxf3 11. Bxf3 O-O 12. O-O Qc7 13. Re1 Re8 14. Rc1 Nbd7
15. b4 c4 16. Qd2 Ne5 17. Bxe5 Rxe5 18. g3 Ree8 19. Rb1 Nd7 20. Kg2 Rab8 21.
Be2 b5 22. axb5 axb5 23. f3 Qb6 24. Ra1 Ra8 25. Bf1 Ra6 26. Rxa6 Qxa6 27. Rd1
Ra8 28. Rb1 Qb6 29. Ne2 Ra3 30. Nc1 Qa7 31. h4 Qa4 32. Be2 c3 33. Qd3 c2 34.
Rb3 Rxb3 35. Qxb3 Qxb3 36. Nxb3 Bb2 37. Bxb5 Nb6 38. Kf2 c1=Q 39. Nxc1 Bxc1 40.
Ke2 Ba3 41. Ke3 Bxb4 42. Kf4 f6 43. Kg4 h5+ 44. Kh3 Kg7 45. Kg2 Be1 46. Kh3 f5
47. exf5 gxf5 48. Be8 Kh6 49. Bf7 Nc4 50. g4 hxg4+ 51. fxg4 fxg4+ 52. Kg2 Bxh4
53. Be6 Kg5 54. Kf1 g3 0-1

[Event "4NCL Division 3"]
[Site "Daventry Court ENG"]
[Date "2015.03.21"]
[Round "7.179"]
[White "Hand, Freddie"]
[Black "Connor, Stephen J"]
[Result "0-1"]
[WhiteElo "1765"]
[BlackElo "2002"]
[PlyCount "126"]
[EventDate "2015.03.21"]
[WhiteTeam "KJCA Knights"]
[BlackTeam "Spirit of Atticus B"]

1. d4 Nf6 2. c4 e6 3. Nc3 Bb4 4. e3 O-O 5. Nge2 d5 6. a3 Be7 7. cxd5 exd5 8.
Nf4 c6 9. Bd3 Nbd7 10. O-O Re8 11. Qc2 Nf8 12. b3 Bd6 13. Nce2 Ne6 14. f3 Qb6
15. Qc3 Nxf4 16. Nxf4 Bd7 17. b4 a5 18. Bd2 axb4 19. axb4 Qc7 20. g3 b6 21.
Rxa8 Rxa8 22. e4 Bxf4 23. Bxf4 Qa7 24. Rc1 Qa3 25. Bc7 Qxc3 26. Rxc3 b5 27. Be5
Ra4 28. Bxf6 gxf6 29. exd5 cxd5 30. Rb3 Ra2 31. g4 Kg7 32. h3 h5 33. f4 hxg4
34. hxg4 Rd2 35. f5 Kh6 36. Kf1 Kg5 37. Ke1 Rh2 38. Be2 Kf4 39. Kd2 Ke4 40. Rc3
Kxd4 41. Rc7 Be8 42. Rc8 Rh8 43. Bxb5 Rh2+ 44. Be2 Bb5 45. Rc7 Bxe2 46. Rxf7
Bd3+ 47. Kd1 Ke3 48. Kc1 Rc2+ 49. Kd1 Rb2 50. Re7+ Be4 51. Rc7 Rxb4 52. g5 Rb1+
53. Rc1 Rxc1+ 54. Kxc1 fxg5 55. f6 Bg6 56. Kd1 g4 57. Ke1 d4 58. Kf1 d3 59. Ke1
g3 60. f7 Bxf7 61. Kf1 Bd5 62. Ke1 g2 63. Kd1 g1=R# 0-1

[Event "4NCL Division 3"]
[Site "Daventry Court ENG"]
[Date "2015.03.21"]
[Round "7.180"]
[White "Mort, Andrew J"]
[Black "Smith, Patrick"]
[Result "0-1"]
[WhiteElo "1939"]
[BlackElo "1813"]
[PlyCount "52"]
[EventDate "2015.03.21"]
[WhiteTeam "Spirit of Atticus B"]
[BlackTeam "KJCA Knights"]

1. d4 f5 2. Qd3 d5 3. g4 fxg4 4. h3 g6 5. hxg4 Bxg4 6. Bh3 Bxh3 7. Nxh3 Nf6 8.
Ng5 Qd6 9. Nc3 a6 10. Qh3 Nc6 11. Ne6 Nd8 12. Nxf8 Rxf8 13. Bh6 Rf7 14. O-O-O
e6 15. f3 Nd7 16. e4 c6 17. Bg5 Nb6 18. exd5 cxd5 19. Rhe1 Kd7 20. Bxd8 Rxd8
21. Re5 Re8 22. Rde1 Ree7 23. Qg4 Rf5 24. Qh3 Nc4 25. Rxf5 exf5 26. Rd1 Qb4 0-1

[Event "4NCL Division 3"]
[Site "Daventry Court ENG"]
[Date "2015.03.21"]
[Round "7.185"]
[White "Idle, Oscar"]
[Black "Hackner, Oskar A"]
[Result "0-1"]
[WhiteElo "1661"]
[BlackElo "2187"]
[PlyCount "72"]
[EventDate "2015.03.21"]
[WhiteTeam "Oxford 3"]
[BlackTeam "Bradford DCA Knights A"]

1. e4 e6 2. d3 d5 3. Nd2 c5 4. Ngf3 Nc6 5. g3 Bd6 6. Bg2 Nge7 7. O-O O-O 8. Re1
Qc7 9. Qe2 f6 10. Nf1 b5 11. h4 Bd7 12. c3 d4 13. Bd2 e5 14. N1h2 a5 15. h5 a4
16. a3 Na5 17. cxd4 cxd4 18. Rac1 Qb6 19. Bxa5 Rxa5 20. g4 Nc6 21. Nh4 Nd8 22.
Nf5 Ne6 23. Nf3 b4 24. Nxd6 Qxd6 25. Qd2 Nf4 26. Nh2 Rb5 27. Ra1 Rfb8 28. Reb1
Qb6 29. Rc1 bxa3 30. bxa3 Rb2 31. Rc2 Rxc2 32. Qxc2 Qb3 33. Qxb3+ axb3 34. Nf3
b2 35. Rb1 Ne2+ 36. Kf1 Nc3 0-1

[Event "4NCL Division 3"]
[Site "Daventry Court ENG"]
[Date "2015.03.21"]
[Round "7.186"]
[White "Lang, Adam R"]
[Black "Neatherway, A Philip"]
[Result "1-0"]
[WhiteElo "2140"]
[BlackElo "1872"]
[PlyCount "83"]
[EventDate "2015.03.21"]
[WhiteTeam "Bradford DCA Knights A"]
[BlackTeam "Oxford 3"]

1. e4 d5 2. exd5 Qxd5 3. Nc3 Qd6 4. Nf3 Nf6 5. Bc4 a6 6. a4 Nc6 7. h3 Be6 8.
Bxe6 Qxe6+ 9. Ne2 g6 10. O-O Bg7 11. d4 O-O 12. Re1 Rad8 13. c3 Rfe8 14. Nf4
Qd7 15. Qb3 Na5 16. Qa2 Nd5 17. Ne5 Bxe5 18. Rxe5 Nxf4 19. Bxf4 Nc6 20. Re2 b5
21. Rae1 b4 22. Qc4 a5 23. Qd3 bxc3 24. bxc3 e5 25. Bg5 Rb8 26. d5 Qd6 27. Qc4
Nd8 28. Bf4 f6 29. Be3 Nf7 30. Bc5 Qd7 31. Rd2 Nd6 32. Qa2 Kg7 33. c4 f5 34.
Rxe5 Ne4 35. Rxe8 Qxe8 36. Bd4+ Kg8 37. Rb2 Rxb2 38. Qxb2 Nd6 39. c5 Nf7 40.
Qb7 Qd8 41. d6 cxd6 42. c6 1-0

[Event "4NCL Division 3"]
[Site "Daventry Court ENG"]
[Date "2015.03.21"]
[Round "7.187"]
[White "Henbest, Kevin B"]
[Black "Jennings, Roger"]
[Result "0-1"]
[WhiteElo "1662"]
[BlackElo "2110"]
[PlyCount "90"]
[EventDate "2015.03.21"]
[WhiteTeam "Oxford 3"]
[BlackTeam "Bradford DCA Knights A"]

1. e4 g6 2. d4 Bg7 3. Nc3 d6 4. Nf3 Nf6 5. Be3 c6 6. Be2 O-O 7. O-O Bg4 8. h3
Bxf3 9. Bxf3 Nbd7 10. Qd2 e5 11. Rad1 Qc7 12. Be2 b5 13. a3 h6 14. f4 Rfe8 15.
Bf3 Nb6 16. b3 Rad8 17. Qf2 exd4 18. Bxd4 c5 19. Be3 Nbd7 20. f5 b4 21. axb4
cxb4 22. Nd5 Nxd5 23. Rxd5 Nc5 24. fxg6 fxg6 25. Qh4 Ne6 26. Qf2 Nc5 27. Qh4
Ne6 28. Rf2 Qc3 29. Rd3 Qe1+ 30. Kh2 Be5+ 31. g3 Rf8 32. Qg4 Rde8 33. Rg2 Nc5
34. Bf2 Qb1 35. Rd2 Qb2 36. Be2 Kh8 37. Bxc5 dxc5 38. Rd1 Qxc2 39. Qh4 Bg7 40.
Rd3 Qc1 41. Rd6 Qe3 42. Rxg6 Rf2 43. Bc4 Rxg2+ 44. Kxg2 Rf8 45. g4 Qxe4+ 0-1

[Event "4NCL Division 3"]
[Site "Daventry Court ENG"]
[Date "2015.03.21"]
[Round "7.188"]
[White "Bak, Andrew"]
[Black "Biswas, Karl"]
[Result "1-0"]
[WhiteElo "2051"]
[BlackElo "1721"]
[PlyCount "63"]
[EventDate "2015.03.21"]
[WhiteTeam "Bradford DCA Knights A"]
[BlackTeam "Oxford 3"]

1. e4 e5 2. Nf3 Nf6 3. d3 Nc6 4. g3 d5 5. exd5 Nxd5 6. Bg2 Be7 7. O-O O-O 8.
Re1 Bf6 9. Nbd2 g6 10. Nc4 Re8 11. Bh6 Nb6 12. Ncd2 Bg7 13. Bxg7 Kxg7 14. Ne4
Nd5 15. Qd2 Rb8 16. Nc3 Nb6 17. Re3 Bf5 18. Rae1 f6 19. b3 Qd7 20. a4 Nd4 21.
Nxd4 exd4 22. Rxe8 Rxe8 23. Rxe8 Qxe8 24. Nb5 c6 25. Nxd4 Bg4 26. h3 Qe5 27.
Nxc6 Qa1+ 28. Kh2 Qd1 29. Qxd1 Bxd1 30. Nd4 Nc8 31. Bxb7 Nd6 32. Bf3 1-0

[Event "4NCL Division 3"]
[Site "Daventry Court ENG"]
[Date "2015.03.21"]
[Round "7.195"]
[White "Swanson, Stephen"]
[Black "Turner, John M"]
[Result "1-0"]
[WhiteElo "2199"]
[BlackElo "2027"]
[PlyCount "115"]
[EventDate "2015.03.21"]
[WhiteTeam "Poisoned Pawns"]
[BlackTeam "Holmes Chapel"]

1. e4 c5 2. Nf3 e6 3. d3 Nc6 4. g3 d6 5. Bg2 g6 6. O-O Bg7 7. c3 Nge7 8. Na3
O-O 9. Re1 Rb8 10. Nc2 Qc7 11. d4 b6 12. Be3 f5 13. exf5 Nxf5 14. d5 Ne5 15.
dxe6 Bxe6 16. Bf4 Rbe8 17. Ng5 Bc8 18. Bxe5 Bxe5 19. Qd2 h6 20. Bd5+ Kg7 21.
Ne4 Bb7 22. Bxb7 Qxb7 23. Rad1 Qc6 24. Qd5 Qxd5 25. Rxd5 g5 26. Rdd1 Kg6 27.
Ne3 Nxe3 28. Rxe3 Re6 29. Kg2 Rd8 30. Red3 Kg7 31. f3 Rg6 32. a4 Kf7 33. b3 Ke6
34. c4 Rg7 35. Nc3 Bxc3 36. Rxc3 Rf7 37. Re3+ Kd7 38. Rd5 Re7 39. Rxe7+ Kxe7
40. f4 gxf4 41. gxf4 Rg8+ 42. Kf3 Rg1 43. Rh5 Rb1 44. Rxh6 Rxb3+ 45. Ke4 Ra3
46. Kd5 Rxa4 47. Re6+ Kf7 48. Rxd6 Ra2 49. Kc6 Rxh2 50. Rd7+ Kf6 51. Rxa7 Rb2
52. Rb7 Kf5 53. Rxb6 Rh2 54. Kxc5 Kxf4 55. Re6 Kf5 56. Re8 Kf6 57. Kc6 Kf7 58.
Re4 1-0

[Event "4NCL Division 3"]
[Site "Daventry Court ENG"]
[Date "2015.03.21"]
[Round "7.196"]
[White "Doran, Chris"]
[Black "Byway, Paul V"]
[Result "1/2-1/2"]
[WhiteElo "2007"]
[BlackElo "2162"]
[PlyCount "108"]
[EventDate "2015.03.21"]
[WhiteTeam "Holmes Chapel"]
[BlackTeam "Poisoned Pawns"]

1. e4 c5 2. Nf3 e6 3. Nc3 Nc6 4. d4 cxd4 5. Nxd4 Nf6 6. Be3 Bb4 7. Bd3 d5 8.
exd5 Nxd5 9. Nxc6 bxc6 10. Bd2 Nxc3 11. Bxc3 Bxc3+ 12. bxc3 Qa5 13. O-O O-O 14.
Qf3 Bd7 15. Bxh7+ Kxh7 16. Qd3+ g6 17. Qxd7 Qxc3 18. Qd3 Qxd3 19. cxd3 Rfd8 20.
Rfc1 Rxd3 21. Rxc6 Rad8 22. g3 Ra3 23. Rc7 Kg7 24. Rb1 Rxa2 25. Rbb7 Rf8 26.
Rxa7 Rxa7 27. Rxa7 g5 28. Kg2 Kg6 29. Re7 Ra8 30. h3 Ra4 31. Kf3 Ra1 32. Kg2
Re1 33. Re8 f6 34. Rb8 Re4 35. Kf3 Ra4 36. Rb6 e5 37. Re6 Kf5 38. Re8 e4+ 39.
Kg2 Ra6 40. Rb8 Ra2 41. Re8 Ra4 42. Rb8 Ke6 43. Rb5 Ra2 44. Kg1 Rd2 45. Rb8 Rd7
46. Kg2 f5 47. Rf8 Rd5 48. Kf1 Ke7 49. Rg8 f4 50. Ke2 Kf7 51. Rb8 Rd3 52. gxf4
gxf4 53. Rb4 f3+ 54. Ke1 e3 1/2-1/2

[Event "4NCL Division 3"]
[Site "Daventry Court ENG"]
[Date "2015.03.21"]
[Round "7.197"]
[White "Goodger, Martyn"]
[Black "Bennett, Patrick"]
[Result "1-0"]
[WhiteElo "2085"]
[BlackElo "2009"]
[PlyCount "79"]
[EventDate "2015.03.21"]
[WhiteTeam "Poisoned Pawns"]
[BlackTeam "Holmes Chapel"]

1. e4 c5 2. c3 d5 3. exd5 Qxd5 4. d4 e6 5. a3 Nf6 6. Nf3 Nc6 7. Be3 cxd4 8.
cxd4 Qa5+ 9. Nc3 Bd6 10. Bd3 Nd5 11. Bd2 Nf4 12. Bc4 Qf5 13. O-O O-O 14. g3 Nd5
15. Re1 Nxc3 16. Bxc3 Qh5 17. Re4 Be7 18. Qe2 b6 19. h4 Qh6 20. Re1 Bb7 21. d5
Na5 22. Bd2 Qg6 23. Ne5 Qf5 24. g4 Qxe4 25. Qxe4 Nxc4 26. Qxc4 Bxd5 27. Qf4 Bd6
28. Qe3 Rac8 29. Bc3 f6 30. Nf3 Rc4 31. Nh2 f5 32. Qg5 Bxh2+ 33. Kxh2 Rxg4 34.
Qe7 Rg2+ 35. Kh3 Rf7 36. Qd8+ Rf8 37. Qc7 Rf7 38. Qb8+ Rf8 39. Qxa7 Rxf2 40.
Qxg7# 1-0

[Event "4NCL Division 3"]
[Site "Daventry Court ENG"]
[Date "2015.03.21"]
[Round "7.198"]
[White "Lowick Higgie, Charles"]
[Black "Rosen, Daniel B"]
[Result "0-1"]
[WhiteElo "1877"]
[BlackElo "2070"]
[PlyCount "106"]
[EventDate "2015.03.21"]
[WhiteTeam "Holmes Chapel"]
[BlackTeam "Poisoned Pawns"]

1. d4 f5 2. g3 Nf6 3. Bg2 e6 4. Nh3 d5 5. Bf4 Be7 6. Nd2 O-O 7. Nf3 c5 8. Bxb8
Rxb8 9. e3 Qa5+ 10. Qd2 Qb5 11. c3 Ne4 12. Qe2 Bd7 13. Qxb5 Bxb5 14. Nf4 Rf6
15. h4 Bd6 16. Ne5 Be8 17. f3 Nxg3 18. Rh3 cxd4 19. cxd4 Nh5 20. Nxh5 Bxh5 21.
Nd7 Rg6 22. Nxb8 Rxg2 23. O-O-O Bxb8 24. Rd3 Rg6 25. Rb3 b6 26. Rc3 Rf6 27.
Rc8+ Rf8 28. Rc6 Kf7 29. f4 Ke7 30. Rh2 Kd7 31. Rhc2 Bd6 32. b4 Bf3 33. a4 Be4
34. R2c3 Rb8 35. b5 Bg2 36. Kb2 Bf1 37. Rc1 Bc4 38. Rg1 Bf8 39. h5 a6 40. h6 g6
41. Rc1 axb5 42. axb5 Bd6 43. Ra1 Bxb5 44. Rc3 Bc4 45. Ra7+ Bc7 46. Rca3 Kc8
47. Kc3 Rb7 48. Ra8+ Bb8 49. Ra1 Be2 50. R1a2 Rc7+ 51. Kb4 Bc4 52. Ra1 Kb7 53.
R1a3 Rc8 0-1

[Event "4NCL Division 3"]
[Site "Daventry Court ENG"]
[Date "2015.03.21"]
[Round "7.200"]
[White "Roberts, Malcolm A"]
[Black "McMahon, Paul"]
[Result "0-1"]
[WhiteElo "1839"]
[BlackElo "1972"]
[PlyCount "114"]
[EventDate "2015.03.21"]
[WhiteTeam "Holmes Chapel"]
[BlackTeam "Poisoned Pawns"]

1. e4 e5 2. Nf3 Nc6 3. Nc3 Bb4 4. a3 Bxc3 5. dxc3 Nf6 6. Bd3 h6 7. h3 d6 8. Be3
Be6 9. Qe2 Qd7 10. O-O-O a6 11. Nd2 d5 12. exd5 Nxd5 13. Ne4 Nxe3 14. Qxe3 Qe7
15. Nc5 Rb8 16. Nxe6 Qxe6 17. b3 O-O 18. g4 Qe7 19. Kb2 Qg5 20. Qxg5 hxg5 21.
Rhe1 Rfe8 22. Be4 Nd8 23. Bd5 c6 24. Bc4 Re7 25. Rd6 b5 26. Bf1 Rc8 27. Red1
Ne6 28. R1d2 g6 29. Bg2 Rec7 30. b4 Kf8 31. Rd7 Nf4 32. Bf1 Ke8 33. Rxc7 Rxc7
34. Kc1 Ke7 35. Rd1 Rd7 36. Rxd7+ Kxd7 37. Kd2 Kd6 38. Ke3 Kd5 39. Kf3 e4+ 40.
Ke3 Ke5 41. f3 Nd5+ 42. Kf2 Nxc3 43. fxe4 Nb1 44. Ke3 Nxa3 45. Bd3 Nc4+ 46.
Bxc4 bxc4 47. c3 f6 48. Kf3 f5 49. exf5 gxf5 50. gxf5 Kxf5 51. Ke3 Ke5 52. Kf3
c5 53. Ke3 cxb4 54. cxb4 Kd5 55. Kd2 Kd4 56. Kc2 c3 57. Kc1 Kc4 0-1